000 02298nam a2200409 i 4500
001 ebr10827140
003 CaPaEBR
006 m o d
007 cr cn|||||||||
008 140120t20122012sz ao ob 001 0 eng d
020 _z9783037853146
020 _a9783038137702 (e-book)
040 _aCaPaEBR
_beng
_erda
_epn
_cCaPaEBR
035 _a(OCoLC)874147249
050 1 4 _aTJ1185
_b.S415 2012eb
082 0 4 _a670
_223
111 2 _aSeminar on Advanced Manufacturing Technology and Cutting Tools
_d(2010 :
_cShanghai, China)
245 1 0 _aAdvanced manufacturing technology and cutting tools :
_bselected, peer reviewed papers from the 2011 Seminar on Advanced Manufacturing Technology and Cutting Tools, August 20-22, 2011, Shanghai, China /
_cedited by Yongguo Wang.
264 1 _aDurnten-Zurich, Switzerland :
_bTrans Tech Publications,
_c2012.
264 4 _c�2012
300 _a1 online resource (147 pages) :
_billustrations, photographs.
336 _atext
_2rdacontent
337 _acomputer
_2rdamedia
338 _aonline resource
_2rdacarrier
490 1 _aAdvanced Materials Research,
_x1022-6680 ;
_vVolume 381
504 _aIncludes bibliographical references at the end of each chapters and indexes.
588 _aDescription based on print version record.
590 _aElectronic reproduction. Palo Alto, Calif. : ebrary, 2014. Available via World Wide Web. Access may be limited to ebrary affiliated libraries.
650 0 _aProduction engineering
_vCongresses.
650 0 _aMachine-tools
_vCongresses.
655 0 _aElectronic books.
700 1 _aWang, Yongguo.
776 0 8 _iPrint version:
_aSeminar on Advanced Manufacturing Technology and Cutting Tools (2010 : Shanghai, China)
_tAdvanced manufacturing technology and cutting tools : selected, peer reviewed papers from the 2011 Seminar on Advanced Manufacturing Technology and Cutting Tools, August 20-22, 2011, Shanghai, China.
_dDurnten-Zurich, Switzerland : Trans Tech Publications, c2012
_h138 pages
_kAdvanced materials research ; Volume 381.
_x1022-6680
_z9783037853146
_w2012360809
797 2 _aebrary.
830 0 _aAdvanced materials research ;
_vv. 381.
856 4 0 _uhttp://site.ebrary.com/lib/rucke/Doc?id=10827140
_zAn electronic book accessible through the World Wide Web; click to view
999 _c83431
_d83431